The legal environment of business: (Record no. 98975)

MARC details
000 -LEADER
fixed length control field 01059nam a22002897a 4500
003 - CONTROL NUMBER IDENTIFIER
control field URS
005 - DATE AND TIME OF LATEST TRANSACTION
control field 20260310094356.0
008 - FIXED-LENGTH DATA ELEMENTS--GENERAL INFORMATION
fixed length control field 260310b |||||||| |||| 00| 0 eng d
020 ## - INTERNATIONAL STANDARD BOOK NUMBER
International Standard Book Number 0070699976
040 ## - CATALOGING SOURCE
Original cataloging agency DLC
Language of cataloging eng
Transcribing agency DLC
Modifying agency URS
Description conventions rda
050 ## - LIBRARY OF CONGRESS CALL NUMBER
Classification number KF 1600
Item number .W591 1992
100 ## - MAIN ENTRY--PERSONAL NAME
Personal name Whitman, Douglas
245 ## - TITLE STATEMENT
Title The legal environment of business:
Remainder of title regulatory law and contracts/
Statement of responsibility, etc. Douglas Whitman, John William Gergacz and Murray Levin.-
264 ## - PRODUCTION, PUBLICATION, DISTRIBUTION, MANUFACTURE, AND COPYRIGHT NOTICE
Place of production, publication, distribution, manufacture New York:
Name of producer, publisher, distributor, manufacturer McGraw-Hill, Inc.,
Date of production, publication, distribution, manufacture, or copyright notice c1992.
300 ## - PHYSICAL DESCRIPTION
Extent xxix, 747 pages:
Other physical details illustrations;
Dimensions 26 centimeters.
336 ## - CONTENT TYPE
Source rdacontent
Content type term text
Content type code txt
337 ## - MEDIA TYPE
Source rdamedia
Media type term unmediated
Media type code n
338 ## - CARRIER TYPE
Source rdacarrier
Carrier type term volume
Carrier type code nc
500 ## - GENERAL NOTE
General note Includes appendices, glossary and index.
650 ## - SUBJECT ADDED ENTRY--TOPICAL TERM
Source of heading or term Trade regulation
Geographic subdivision United States
650 ## - SUBJECT ADDED ENTRY--TOPICAL TERM
Source of heading or term Contracts
Geographic subdivision United States
650 ## - SUBJECT ADDED ENTRY--TOPICAL TERM
Source of heading or term Industrial laws and legislation
Geographic subdivision United States
650 ## - SUBJECT ADDED ENTRY--TOPICAL TERM
Source of heading or term Business interprise
Geographic subdivision United States
700 ## - ADDED ENTRY--PERSONAL NAME
Personal name Gergacz, John William
700 ## - ADDED ENTRY--PERSONAL NAME
Personal name Levin, Murray
942 ## - ADDED ENTRY ELEMENTS (KOHA)
Source of classification or shelving scheme Library of Congress Classification
Koha item type Foreign Books
Classification part KF 1600
Item part .W591 1992
Holdings
Withdrawn status Source of classification or shelving scheme Damaged status Not for loan Home library Current library Shelving location Date acquired Total Checkouts Full call number Barcode Date last seen Price effective from Koha item type
  Library of Congress Classification     Angono College Library Angono College Library Foreign Section 03/10/2026   KF 1600 .W591 1992 URSANG-3818 03/10/2026 03/10/2026 Foreign Books

University of Rizal System
Email us at univlibservices@urs.edu.ph

Visit our Website www.urs.edu.ph/library